000 00703cam a22002171a 4500
001 f 01000361
003 DLC
005 20260227111237.0
008 810914s1881 fr 000 1 fre
010 _af 01000361
035 _a(OCoLC)7757899
040 _aDLC
_cNcWsW
_dNcWsW
_dDLC
042 _apremarc
050 0 0 _aPQ2315
_b.P65 1881
100 1 _aKarr, Alphonse,
_d1808-1890.
245 1 0 _aPour ne pas être treize.
_bRomain d'Étretat. Les willis. Un diamant. Berthe et Rodolphe. Bouret et Gaussin. Jobisme /
_cpar Alphonse Karr.
250 _aNouv. éd.
260 _aParis :
_bCalman Lévy,
_c1881.
300 _a2 p. l., 246 p., 1 l. ;
_c19 cm.
500 _aHalf-title: Œuvres complètes.
999 _c22413
_d22413